Istorii︠a︡ gosudarstva i prava Rossii : polnyĭ kurs lekt︠s︡iĭ /

Bibliographic Details
Main Author: Isaev, I. A. (Igorʹ Andreevich)
Format: Book
Language:Russian
Published: Moskva : "I︠U︡rist", 1994.
Subjects:

MARC

Tag First Indicator Second Indicator Subfields
LEADER 00000aam a2200000 a 4500
001 in00002048813
005 20151101175847.0
008 950518s1994 ru 000 0 ruso
010 |a  95154862  
020 |a 5735700030 
035 |a (OCoLC)ocm32680812 
040 |a DLC  |c DLC  |d TXA  |d UtOrBLW 
043 |a e-ur--- 
049 |a TXAM 
050 0 0 |a KLA120  |b .I85 1994 
100 1 |a Isaev, I. A.  |q (Igorʹ Andreevich) 
245 1 0 |a Istorii︠a︡ gosudarstva i prava Rossii :  |b polnyĭ kurs lekt︠s︡iĭ /  |c I.A. Isaev. 
264 1 |a Moskva :  |b "I︠U︡rist",  |c 1994. 
300 |a 447 pages ;  |c 21 cm. 
336 |a text  |b txt  |2 rdacontent 
337 |a unmediated  |b n  |2 rdamedia 
338 |a volume  |b nc  |2 rdacarrier 
500 |a "2-e izd., pererab. i dop."--Russian CIP data. 
500 |a "Uchebnoe izdanie"--Colophon. 
650 0 |a Law  |z Russia  |x History. 
650 0 |a Law  |z Soviet Union  |x History. 
651 0 |a Russia  |x Politics and government. 
651 0 |a Soviet Union  |x Politics and government. 
948 |a cataloged  |b h  |c 2005/5/31  |d c  |e spoltoratski  |f 3:36:47 pm 
994 |a E0  |b TXA 
999 |a MARS 
999 f f |s 9fb2e233-c41e-3a91-99db-2269d071f04b  |i 0f96bc2d-4f03-37ae-bd87-c54b9f90229b  |t 0 
952 f f |p ric  |a Texas A&M University  |b Rellis Campus  |c Joint Library Facility  |d Remote Storage  |t 0  |e KLA120 .I85 1994  |h Library of Congress classification  |i unmediated -- volume  |m A14833824545 
998 f f |a KLA120 .I85 1994  |t 0  |l Remote Storage